| 000 | 00675cam a22002171 4500 | ||
|---|---|---|---|
| 001 | sa 64000751 | ||
| 003 | DLC | ||
| 005 | 20260227111958.0 | ||
| 008 | 861031s1962 ii a 000 0 eng | ||
| 010 | _asa 64000751 | ||
| 025 | _aPL480:I-E-2237 | ||
| 035 | _a(OCoLC)14580694 | ||
| 040 |
_aDLC _cWaU _dDLC |
||
| 042 | _apremarc | ||
| 050 | 0 | 0 |
_aHC435 _b.M73 |
| 100 | 1 | _aMohnot, Sohan Raj. | |
| 245 | 1 | 4 |
_aThe plans, progress and portents; _ba collection of some of the radio talks broadcast by the author from All India Radio, Calcutta. |
| 260 |
_aCalcutta, _bBureau of Economic Studies _c[1962] |
||
| 300 |
_a117 p. _btables _c22 cm. |
||
| 651 | 0 |
_aIndia _xEconomic policy. |
|
| 999 |
_c56397 _d56397 |
||